[Event "Zadar op-A 26th"]
[Site "Zadar"]
[Date "2019.12.16"]
[Round "2"]
[White "Lye, Lik Zang"]
[Black "Hrescak, Ivana"]
[Result "1-0"]
[WhiteElo "2379"]
[BlackElo "2194"]
[PlyCount "77"]
[EventDate "2019.12.15"]
[EventType "swiss"]
[EventRounds "9"]
[EventCountry "CRO"]
[SourceTitle "CBM 193 Extra"]
[Source "ChessBase"]
[SourceDate "2020.01.31"]
[SourceVersion "1"]
[SourceVersionDate "2020.01.31"]
[SourceQuality "1"]

1. e4 c5 2. Nc3 Nc6 3. Bb5 Nd4 4. Nf3 Nxb5 5. Nxb5 d5 6. exd5 a6 7. Nc3 Bg4 8. h3 Bh5 9. g4 Bg6 10. d4 c4 11. Ne5 Nf6 12. Qf3 b5 13. d6 Rc8 14. g5 Nd7 15. Bf4 e6 16. 0-0-0 b4 17. Nxg6 hxg6 18. Nd5 Bxd6 19. Bxd6 Qxg5+ 20. Ne3 Qb5 21. d5 e5 22. Qe4 b3 23. axb3 cxb3 24. Qb4 bxc2 25. Rd2 f6 26. Qxb5 axb5 27. Rxc2 Rxc2+ 28. Kxc2 Kf7 29. Kb3 Rh4 30. Rc1 Rxh3 31. Rc7 Ke8 32. Rc8+ Kf7 33. Rd8 Rf3 34. Rxd7+ Kg8 35. Bc5 Rxf2 36. d6 f5 37. Rd8+ Kh7 38. d7 Rd2 39. Kc3 1-0

[Event "Johor op 6th"]
[Site "Johor"]
[Date "2019.12.05"]
[Round "6"]
[White "Lye, Lik Zang"]
[Black "Mariano, Nelson III"]
[Result "1-0"]
[WhiteElo "2379"]
[BlackElo "2235"]
[PlyCount "55"]
[EventDate "2019.12.02"]
[EventType "swiss"]
[EventRounds "9"]
[EventCountry "MAS"]
[SourceTitle "CBM 193 Extra"]
[Source "ChessBase"]
[SourceDate "2020.01.31"]
[SourceVersion "1"]
[SourceVersionDate "2020.01.31"]
[SourceQuality "1"]

1. e4 c5 2. Nc3 g6 3. d4 cxd4 4. Qxd4 Nf6 5. Bg5 Nc6 6. Qd2 Bg7 7. f3 d6 8. Bc4 Bd7 9. Nge2 Rc8 10. Bb3 Ne5 11. 0-0-0 0-0 12. f4 Nc4 13. Bxc4 Rxc4 14. e5 Ne4 15. Nxe4 Rxe4 16. Nc3 Rc4 17. exd6 Bc6 18. Qe2 Rxc3 19. dxe7 Qa5 20. exf8Q+ Bxf8 21. bxc3 Ba3+ 22. Kd2 h6 23. Bf6 Qf5 24. Qe5 Qg4 25. Ke3 g5 26. Rd8+ Kh7 27. Bxg5 f6 28. Qc7+ 1-0

[Event "Johor op 6th"]
[Site "Johor"]
[Date "2019.12.04"]
[Round "5"]
[White "Bancod, Ronald"]
[Black "Lye, Lik Zang"]
[Result "1/2-1/2"]
[WhiteElo "2266"]
[BlackElo "2379"]
[PlyCount "98"]
[EventDate "2019.12.02"]
[EventType "swiss"]
[EventRounds "9"]
[EventCountry "MAS"]
[SourceTitle "CBM 193 Extra"]
[Source "ChessBase"]
[SourceDate "2020.01.31"]
[SourceVersion "1"]
[SourceVersionDate "2020.01.31"]
[SourceQuality "1"]

1. e4 c5 2. Nf3 d6 3. Bb5+ Bd7 4. Bxd7+ Nxd7 5. 0-0 Ngf6 6. Qe2 e6 7. c3 Be7 8. Rd1 0-0 9. d3 Qc7 10. Nbd2 Rfe8 11. Nf1 Nf8 12. Ng3 Ng6 13. h4 Ne5 14. Nxe5 dxe5 15. Bg5 Nd7 16. Qg4 Nf8 17. Nh5 Ng6 18. Rd2 Rf8 19. Re1 f5 20. exf5 exf5 21. Qg3 Bd6 22. Rde2 f4 23. Qg4 Qf7 24. d4 cxd4 25. cxd4 h6 26. dxe5 Bb4 27. Rd1 hxg5 28. Rd7 Be7 29. Nf6+ gxf6 30. exf6 Qxf6 31. Re6 Qg7 32. Rxb7 Rf6 33. h5 Rxe6 34. Qxe6+ Qf7 35. Qe4 Re8 36. hxg6 Qf6 37. Rxa7 g4 38. Qd5+ Kg7 39. Qe4 g3 40. Kf1 Kh8 41. Ra5 Kg7 42. Ra7 Qd6 43. fxg3 fxg3 44. Ke2 Qc5 45. Qe3 Kxg6 46. Ra6+ Kf7 47. Qe6+ Kf8 48. Qh6+ Kf7 49. Qg6+ Kf8 1/2-1/2

[Event "Kuala Lumpur Merdeka rapid op"]
[Site "Kuala Lumpur"]
[Date "2019.09.01"]
[Round "7"]
[White "Lye, Lik Zang"]
[Black "Sonjaya, Deni"]
[Result "0-1"]
[WhiteElo "1796"]
[BlackElo "2327"]
[PlyCount "125"]
[EventDate "2019.09.01"]
[EventType "swiss (rapid)"]
[EventRounds "7"]
[EventCountry "MAS"]
[SourceTitle "EXT 2020"]
[Source "ChessBase"]
[SourceDate "2019.10.17"]
[SourceVersion "1"]
[SourceVersionDate "2019.10.17"]
[SourceQuality "1"]

1. e4 e5 2. Nf3 d6 3. d4 exd4 4. Qxd4 Nc6 5. Bb5 Bd7 6. Bxc6 bxc6 7. Nc3 Qf6 8. e5 Qg6 9. 0-0 d5 10. Bf4 Ne7 11. Qa4 c5 12. Qa3 Qb6 13. Na4 Qb4 14. Qxb4 cxb4 15. Nc5 Ng6 16. Be3 Bg4 17. Nd2 Bf5 18. f4 h5 19. Ndb3 Be7 20. Nd3 a5 21. Nbc5 Nf8 22. Rac1 Ne6 23. Nxe6 fxe6 24. Bc5 Bd8 25. Rf3 g5 26. c4 bxc3 27. Rxc3 h4 28. Be3 Rb8 29. b3 g4 30. Rf1 Rh7 31. Nc5 Rb5 32. Rfc1 Rb4 33. Rd1 c6 34. a3 Rb5 35. Bd4 Bb6 36. Na4 Bxd4+ 37. Rxd4 Rhb7 38. Nc5 Rb8 39. Kf2 Ke7 40. Ke1 R8b6 41. Kd1 Rb8 42. Kc1 R8b6 43. Kb2 Rb8 44. Na6 R8b7 45. Nc5 Rb8 46. Na4 R8b7 47. Nc5 Rb8 48. Na6 R8b7 49. b4 R5b6 50. Nc5 axb4 51. axb4 Rxb4+ 52. Rxb4 Rxb4+ 53. Rb3 Rxb3+ 54. Kxb3 g3 55. hxg3 hxg3 56. Kc3 Kd8 57. Kd2 Kc7 58. Ke3 Kb6 59. Nd7+ Kc7 60. Nc5 Kb6 61. Nd7+ Kb5 62. Kf3 c5 63. Ke3 0-1